Love radio / Ebony LaDelle.
Available copies
- 2 of 2 copies available at LARL/NWRL Consortium.
- 2 of 2 copies available at Lake Agassiz Regional Library. (Show preferred library)
Current holds
0 current holds with 2 total copies.
Show Only Available Copies
| Location | Call Number / Copy Notes | Barcode | Shelving Location | Status | Due Date |
|---|---|---|---|---|---|
| Crookston Public Library | Y LAD (Text) | 33500013619549 | Main | Available | - |
| Fertile Public Library | Y LAD (Text) | 33500013619556 | Main | Available | - |
Record details
- ISBN: 9781665908153
- ISBN: 1665908157
- ISBN: 9781665908160
- ISBN: 1665908165
- Physical Description: 316 pages ; 22 cm
- Edition: First edition.
- Publisher: New York : Simon & Schuster, [2022]
- Copyright: ©2022
Content descriptions
| Summary, etc.: | Prince Jones, a self-professed teen love doctor ... Read More At seventeen Prince Jones has his own segment on ... Read More |
| Target Audience Note: | Ages 12 and up. Simon & Schuster. Grades 10-12. Simon & Schuster. |
Search for related items by subject
| Genre: | Fictional Work Novels. Romance fiction. Novels. Romans. |
| LDR | 03098cam a22006738i 4500 | ||
|---|---|---|---|
| 001 | 387725 | ||
| 003 | LARL_NWRL_CONSORTIUM | ||
| 005 | 20220615145224.0 | ||
| 008 | 220119t20222022nyu d 000 f eng | ||
| 010 | . | ‡a 2021047140 | |
| 040 | . | ‡aDLC ‡beng ‡erda ‡cDLC ‡dOCLCO ‡dOCLCF ‡dOCLCO ‡dORX ‡dOCLCO ‡dJBL ‡dOCO ‡dILC ‡dINR | |
| 019 | . | ‡a1319098353 | |
| 020 | . | ‡a9781665908153 ‡q(hardcover) | |
| 020 | . | ‡a1665908157 ‡q(hardcover) | |
| 020 | . | ‡a9781665908160 ‡q(paperback) | |
| 020 | . | ‡a1665908165 ‡q(paperback) | |
| 020 | . | ‡z9781665908177 ‡q(ebook) | |
| 035 | . | ‡a(OCoLC)1269055084 ‡z(OCoLC)1319098353 | |
| 042 | . | ‡apcc ‡alcac | |
| 043 | . | ‡an-us-mi | |
| 082 | 0 | 0. | ‡a[Fic] ‡223 |
| 084 | . | ‡aYAF052000 ‡aYAF058110 ‡2bisacsh | |
| 100 | 1 | . | ‡aLaDelle, Ebony, ‡eauthor. |
| 245 | 1 | 0. | ‡aLove radio / ‡cEbony LaDelle. |
| 250 | . | ‡aFirst edition. | |
| 264 | 1. | ‡aNew York : ‡bSimon & Schuster, ‡c[2022] | |
| 264 | 4. | ‡c©2022 | |
| 300 | . | ‡a316 pages ; ‡c22 cm | |
| 336 | . | ‡atext ‡btxt ‡2rdacontent | |
| 337 | . | ‡aunmediated ‡bn ‡2rdamedia | |
| 338 | . | ‡avolume ‡bnc ‡2rdacarrier | |
| 521 | . | ‡aAges 12 and up. ‡bSimon & Schuster. | |
| 521 | . | ‡aGrades 10-12. ‡bSimon & Schuster. | |
| 520 | . | ‡aPrince Jones, a self-professed teen love doctor known for his radio segment on the local hip-hop station, believes he can get the bookish, anti-romance Dani Ford to fall in love with him in three dates. | |
| 520 | . | ‡aAt seventeen Prince Jones has his own segment on Detroit's popular hip-hop show, Love Radio, dishing out advice to the brokenhearted. He dreams of becoming a DJ and falling in love, but being the main caretaker for his mother, who has multiple sclerosis, and his little brother means his dreams will stay just that. Dani Ford is focused on her plan: ace senior year, score a scholarship, and move to New York City to become a famous author. Prince is smitten, but Dani him just three dates to convince her that he is worth falling for. -- adapted from jacket | |
| 650 | 0. | ‡aDating (Social customs) ‡vJuvenile fiction. ‡0(LARL_NWRL_CONSORTIUM)171809 | |
| 650 | 0. | ‡aDisc jockeys ‡vJuvenile fiction. | |
| 650 | 0. | ‡aAfrican Americans ‡vJuvenile fiction. ‡0(LARL_NWRL_CONSORTIUM)163089 | |
| 651 | 0. | ‡aDetroit (Mich.) ‡vJuvenile fiction. | |
| 650 | 1. | ‡aDating (Social customs) ‡vFiction. ‡0(LARL_NWRL_CONSORTIUM)164536 | |
| 650 | 1. | ‡aDisc jockeys ‡vFiction. ‡0(LARL_NWRL_CONSORTIUM)171920 | |
| 650 | 1. | ‡aAfrican Americans ‡vFiction. ‡0(LARL_NWRL_CONSORTIUM)163084 | |
| 650 | 0. | ‡aYoung adult fiction. ‡0(LARL_NWRL_CONSORTIUM)35107 | |
| 651 | 1. | ‡aDetroit (Mich.) ‡vFiction. ‡0(LARL_NWRL_CONSORTIUM)164592 | |
| 650 | 6. | ‡aAmours ‡vRomans, nouvelles, etc. pour la jeunesse. | |
| 650 | 6. | ‡aDisques-jockeys ‡vRomans, nouvelles, etc. pour la jeunesse. | |
| 650 | 6. | ‡aNoirs américains ‡vRomans, nouvelles, etc. pour la jeunesse. | |
| 650 | 7. | ‡aYOUNG ADULT FICTION / Romance / General. ‡2bisacsh | |
| 650 | 7. | ‡aYOUNG ADULT FICTION / Social Themes / Emotions & Feelings. ‡2bisacsh | |
| 655 | 2. | ‡aFictional Work | |
| 655 | 7. | ‡aNovels. ‡2fast | |
| 655 | 7. | ‡aRomance fiction. ‡2lcgft | |
| 655 | 7. | ‡aNovels. ‡2lcgft | |
| 655 | 7. | ‡aRomans. ‡2rvmgf | |
| 901 | . | ‡a387725 ‡bOCoLC ‡c387725 ‡tbiblio ‡soclc | |

Add to basket
Permalink
Disable Highlighting